=LDR 00000nam 2200000 4500 =001 INLIS000000000040570 =005 20141002102515.0 =006 =007 =008 Ind =035 ##$$0010-061300000040570 =041 ##$$a Ind =082 ##$$a 813 =090 ##$$a 813 , Har d =100 ##$$a HARRIS, CHARLAINE =245 ##$$a Definitely dead , pernikahan sang ratu vampir , Charlaine Harris; penerjemah, Dyah Ruci; Editor, Niken Hananti =260 ##$$a [sa] $b Jakarta =300 ##$$a 462 hlm. , 18cm =650 ##$$a FIKSI =700 ##$$a RUCI, Dyah =850 ##$$a NBPNMAT =990 ##$$a 94435/BPAP-NTB/2014 =990 ##$$a 21400613/BPAP-NTB/20142014 =990 ##$$a 0001/BPAP-NTB/2015